000
00266 a2200121 4500
001
146500
040
_c
Escola São Tomás de Aquino
100
_a
PEDRO, Maria
240
1
0
_a
Mendelssohn
_l
por
245
1
0
_a
Mendelssohn
697
_a
*LITERATURA INFANTO
942
_c
BK
999
_c
146500
_d
146500